| 000 | 00976nam a2200289Ia 4500 | ||
|---|---|---|---|
| 001 | Para_5636 | ||
| 003 | CHAP | ||
| 008 | 220125s2001 xx 000 0 und d | ||
| 010 | _a203616 | ||
| 040 | _cCHAP | ||
| 090 | _aPA TESIS 1596 | ||
| 100 |
_aLuna Hernández, Jacovo Bernave _969064 |
||
| 245 |
_aPlagas insectiles de importancia cuarentenaria en el cultivo de cocotero (Cocos nucifera Linneo) para México / _c por Jacovo Bernave Luna Hernández |
||
| 260 |
_aChapingo, Méx. : _b el autor |
||
| 300 | _a131 h. | ||
| 502 | _aTesis (Ing Agr. Esp. Parasitología Agrícola) UACh. Departamento Parasitología Agrícola | ||
| 650 |
_aCoco _x plagas _924262 |
||
| 650 |
_aPlantas _x cuarentena _988811 |
||
| 710 |
_aUACh. Departamento Parasitología Agrícola _9164025 |
||
| 901 | _aPA TESIS 1596 | ||
| 902 | _aA | ||
| 905 | _a0000002001 ab 0000000000 00 | ||
| 910 | _a2001 | ||
| 942 | _cPARA | ||
| 942 |
_cPARA _d1 |
||
| 999 |
_c203616 _d203616 |
||